000 01186nam0a22003131 4500
001 RU\INFOCOMM_318\NLR\5000071754
005 20250613103658.0
035 _a(NLR Aleph) 009477212
090 _a8564513
_c8564513
100 _a20121126d1969 |||y0rusy50 ca
101 1 _aspa
102 _aRU
105 _ay z |||||
200 1 _aMoscú
_eArquitectura y escultura
_fM. Il'in
_g[Trad. de César Astor]
210 _aM.
_c"Progreso"
_d[1969]
215 _a256 с.
_cил.
_d20 см
300 _aПарал. тит. л. на рус. яз.: М. Ильин. Москва. Архитектура и скульптура
513 1 _aМосква
_eАрхитектура и скульптура
_zrus
607 _aМосква
_xАрхитектура
_2nlr_sh1
620 _aМосква
686 _aИс37-А281
_2rubbk
686 _aИс47-А200
_2rubbk
700 1 _7ba
_8rus
_aIl'in
_bM. A.
_cд-р искусствоведения, историк архитектуры
_f1903-1981
_gMichail Andreevič
_9269055
_3RU\NLR\AUTH\770269111
801 1 _aRU
_bNLR
_c20121126
801 0 _aRU
_bINFOCOMM
_gPSBO
852 _aNLR
_jИс21 Д-3/15
942 _cBOOK
980 _aNB